000 00351nam a2200145Ia 4500
008 230711s9999||||xx |||||||||||||| ||und||
041 _aENG
082 _a624
_bLE-P
100 _aLeroy
245 0 _aPrevention of corrosion and scaling
250 _a1st Ed.
260 _c1990
_aNew York
_bLewis Publication
650 _aCivil Engineering
942 _cBK
999 _c641
_d641